Music Quiz

Random Music or Song Quiz

50 Songs By: Prince Quiz Stats

 Plays Quiz not verified by Sporcle

Challenge
Share
Tweet
Embed
Score 0/50 Timer 10:00
0 Plays Today
% Correct
1999
99.1%
Little Red Corvette
98.1%
When Doves Cry
97.9%
Purple Rain
97.4%
I Would Die 4 U
97.2%
Diamonds And Pearls
97.2%
Raspberry Beret
96.8%
Batdance
96.6%
I Wanna Be Your Lover
94.8%
Kiss
94.8%
Gett Off
94.2%
I Could Never Take The Place Of Your Man
93.8%
The Most Beautiful Girl In The World
93.8%
Dirty Mind
92.1%
Soft and Wet
91.2%
Pop Life
91%
If I Was Your Girlfriend
91%
Musicology
89.9%
Anotherloverholenyohead
89.1%
Damn U
86.9%
7
86.5%
Do Me, Baby
85.8%
Pink Cashmere
85.2%
Head
84.5%
Adore
84.5%
% Correct
Black Sweat
83.3%
Hot Thing
80.9%
Scandalous!
80.7%
Uptown
79.8%
Partyman
79%
Breakfast Can Wait
77.5%
Sexy Dancer
77.3%
Cinnamon Girl
75.1%
Insatiable
74.7%
Automatic
73%
Mountains
73%
Gold
73%
The Greatest Romance Ever Sold
73%
Letitgo
71.9%
Beautiful, Loved And Blessed
70.8%
America
67.2%
Guitar
67%
Bambi
65.2%
Gotta Stop (Messin' About)
61.2%
Shhh
61.2%
Screwdriver
54.7%
Fury
49.6%
So Blue
42.9%
Boyfriend
39.5%
When Will We Be Paid?
37.6%

You're not logged in!

Compare scores with friends on all Sporcle quizzes.
Join for Free
OR
Log In

You Might Also Like...

Show Comments

Extras

Created Sep 27, 2013ReportNominate
Tags:Clickable Quiz, Song Quiz, prince

Top Quizzes Today


Score Distribution

Your Account Isn't Verified!

In order to create a playlist on Sporcle, you need to verify the email address you used during registration. Go to your Sporcle Settings to finish the process.

Report this User

Report this user for behavior that violates our Community Guidelines.

Details: